[Event "HUN-chT2 Asztalos 1617"]
[Site "Hungary"]
[Date "2017.02.12"]
[Round "8.10"]
[White "Kelemen, Sandor1"]
[Black "Ehrbar, Tibor"]
[Result "1/2-1/2"]
[WhiteElo "1371"]
[BlackElo "1879"]
[PlyCount "52"]
[EventDate "2016.09.25"]
[EventType "team-tourn"]
[EventRounds "11"]
[EventCountry "HUN"]
[SourceTitle "EXT 2021"]
[Source "ChessBase"]
[SourceDate "2020.10.23"]
[SourceVersion "1"]
[SourceVersionDate "2020.10.23"]
[SourceQuality "1"]
[WhiteTeam "Kaposvar Bastya"]
[BlackTeam "Nagyatad"]
[WhiteTeamCountry "HUN"]
[BlackTeamCountry "HUN"]

1. e4 c5 2. Nc3 Nc6 3. Bc4 e6 4. Nf3 Nf6 5. d3 Be7 6. Bf4 d6 7. 0-0 a6 8. e5 Nh5 9. exd6 Bf6 10. Be3 Bxc3 11. bxc3 Qxd6 12. d4 b5 13. Be2 cxd4 14. Nxd4 Nf6 15. Nxc6 Qxc6 16. Bf3 Nd5 17. Qd3 Bb7 18. Rfe1 Qc7 19. Bxd5 Rd8 20. Qd4 f6 21. Qb6 Qxb6 22. Bxb6 Rxd5 23. Rxe6+ Kf7 24. Rae1 Rd7 25. Bc5 Rhd8 26. Kf1 Bd5 1/2-1/2

[Event "HUN-chT2 Asztalos 1617"]
[Site "Hungary"]
[Date "2016.10.09"]
[Round "2.9"]
[White "Ronai, Akos Balazs"]
[Black "Ehrbar, Tibor"]
[Result "1/2-1/2"]
[WhiteElo "1682"]
[BlackElo "1879"]
[PlyCount "83"]
[EventDate "2016.09.25"]
[EventType "team-tourn"]
[EventRounds "11"]
[EventCountry "HUN"]
[SourceTitle "EXT 2021"]
[Source "ChessBase"]
[SourceDate "2020.10.23"]
[SourceVersion "1"]
[SourceVersionDate "2020.10.23"]
[SourceQuality "1"]
[WhiteTeam "Pecs Karmin"]
[BlackTeam "Nagyatad"]
[WhiteTeamCountry "HUN"]
[BlackTeamCountry "HUN"]

1. e4 c5 2. Nf3 d6 3. c4 Nf6 4. Nc3 Nc6 5. Be2 e6 6. d4 cxd4 7. Nxd4 Be7 8. 0-0 0-0 9. Be3 a6 10. Rc1 Qc7 11. a3 b6 12. Nxc6 Qxc6 13. e5 dxe5 14. Bg5 Rd8 15. Qc2 Bb7 16. Bf3 Qc7 17. Bxf6 Bxf6 18. Ne4 Be7 19. b4 f5 20. Nd2 e4 21. Be2 Bg5 22. Rcd1 Qe5 23. Nb3 f4 24. Rxd8+ Bxd8 25. Re1 Qg5 26. Bf1 Bf6 27. g3 e3 28. fxe3 fxg3 29. h3 Qf5 30. Qxf5 exf5 31. Bg2 Bxg2 32. Kxg2 Bb2 33. Kxg3 Bxa3 34. Rf1 g6 35. b5 axb5 36. cxb5 Re8 37. Kf3 Re5 38. Nd4 Bc5 39. Rb1 Kf7 40. Rb3 Re4 41. Rc3 Kf6 42. Nb3 1/2-1/2

[Event "HUN-chT2 Asztalos 1516"]
[Site "Hungary"]
[Date "2015.09.13"]
[Round "1.9"]
[White "Varga, Antal"]
[Black "Ehrbar, Tibor"]
[Result "0-1"]
[WhiteElo "1536"]
[BlackElo "1895"]
[PlyCount "72"]
[EventDate "2015.09.13"]
[EventType "team-tourn"]
[EventRounds "11"]
[EventCountry "HUN"]
[SourceTitle "CBM 170 Extra"]
[Source "ChessBase"]
[SourceDate "2016.02.25"]
[SourceVersion "1"]
[SourceVersionDate "2016.02.25"]
[SourceQuality "1"]
[WhiteTeam "Sarosd"]
[BlackTeam "Nagyatad"]
[WhiteTeamCountry "HUN"]
[BlackTeamCountry "HUN"]

1. d4 Nf6 2. c4 g6 3. Nf3 Bg7 4. Nc3 0-0 5. e3 d5 6. Bd3 c5 7. h3 Nc6 8. a3 a6 9. 0-0 cxd4 10. Nxd4 Ne5 11. cxd5 Nxd3 12. Qxd3 Nxd5 13. Rd1 Nf6 14. b4 Bd7 15. Bb2 Qb6 16. Ne4 Ba4 17. Rd2 Rfd8 18. Nc5 Be8 19. Qc3 Rac8 20. Qc1 Qa7 21. Qe1 b6 22. Nd3 Ne4 23. Re2 e5 24. f3 exd4 25. fxe4 Bb5 26. Rd1 Bc4 27. Rdd2 dxe3 28. Bxg7 exd2 29. Rxd2 Kxg7 30. Qf2 Bb5 31. Qe3 Rxd3 32. Rxd3 Bxd3 33. Qxd3 Rc1+ 34. Kh2 Qc7+ 35. g3 Qc2+ 36. Qxc2 Rxc2+ 0-1

[Event "HUN-chT2 Asztalos 1213"]
[Site "Hungary"]
[Date "2012.11.04"]
[Round "3.10"]
[White "Horvath, Jozsef"]
[Black "Ehrbar, Tibor"]
[Result "1-0"]
[WhiteElo "2539"]
[BlackElo "1912"]
[PlyCount "77"]
[EventDate "2012.09.16"]
[EventType "team-tourn"]
[EventRounds "9"]
[EventCountry "HUN"]
[SourceTitle "EXT 2014"]
[Source "ChessBase"]
[SourceDate "2013.11.20"]
[SourceVersion "1"]
[SourceVersionDate "2013.11.20"]
[SourceQuality "1"]
[WhiteTeam "Marcali"]
[BlackTeam "Nagyatad"]
[WhiteTeamCountry "HUN"]
[BlackTeamCountry "HUN"]

1. e4 c5 2. Nf3 d6 3. d4 Nf6 4. Nc3 cxd4 5. Nxd4 a6 6. f3 e6 7. Be3 Be7 8. Qd2 Qc7 9. 0-0-0 b5 10. g4 Nc6 11. h4 Bb7 12. Kb1 b4 13. Nce2 0-0 14. h5 Ne5 15. Ng3 Rfc8 16. g5 Nfd7 17. g6 Nf6 18. gxf7+ Kxf7 19. Bh3 Nc4 20. Bxe6+ Kf8 21. Qe2 Nxe3 22. Bxc8 Nxd1 23. Ne6+ Kf7 24. Nxc7 Nc3+ 25. bxc3 Rxc8 26. Nxa6 bxc3 27. Qb5 Bc6 28. Qb3+ d5 29. Nf5 Bf8 30. Qxc3 Bd7 31. Qe5 Rc6 32. Nc7 Bxf5 33. exf5 Rb6+ 34. Kc1 Ba3+ 35. Kd2 Bb2 36. Qf4 d4 37. Ne6 Ne8 38. Rg1 d3 39. c3 1-0